| 000 | 00745nam a2200169 a 4500 | ||
|---|---|---|---|
| 008 | 210323s2020 ||||||||||||||||| || u | ||
| 020 | _a9789211172508 | ||
| 050 | _aUNECE(02)2020/19 | ||
| 110 | _aUnited Nations Economic Commission for Europe (UNECE) | ||
| 245 | 1 | 0 |
_aMeasuring and monitoring progress towards the sustainable development goals _cBy United Nations Economic Commission For Europe(UNECE) |
| 260 |
_aGeneva _bUNITED NATIONS _c2020 |
||
| 300 | _axiii, 57 pages : illustrations | ||
| 650 | _aMEASURING AND MONITORING - SDGs | ||
| 650 | _aSDGs | ||
| 650 | _aSUSTAINABLE DEVELOPMENT GOALS | ||
| 995 |
_FCBU-MAIN LIBRARY (Kitwe) _M1 _UAVAILABLE _WNov 4, 2022 _ZInternational Publications |
||
| 999 |
_c50847 _d50847 |
||